Elasticity /

Contiene: Parte I) Consideraciones generales: 1) Introducción; 2) Equilibrio y compatibilidad; Parte II) Problemas bidimensionales: 3) Deformación plana y tensión plana; 4) Formulación de la función de tensión; 5) Problemas en coordenadas rectangulares; 6) Efectos finales; 7) Fuerzas del cuerpo; 8)...

Descripción completa

Guardado en:
Detalles Bibliográficos
Autor principal: Barber, J.R (autor)
Formato: Libro
Idioma:Inglés
Publicado: Cham, Suiza : Springer, 2022, c2022
Edición:4a edición
Colección:(Solid Mechanics and its Applications ; 172)
Temas:
Acceso en línea:Ver documento en línea
Etiquetas: Agrega una etiqueta
Sin etiquetas, Sé el primero en etiquetar este registro!

MARC

LEADER 00000nam^a2200000^a^4500
001 000631225
005 20260416000000.0
009 20260416095559.999
020 |a 978-3-031-15214-6 
037 |a Acervo ITESO - Biblioteca 
041 |a ING 
082 |a 531. 382  |b BAR 
100 |a Barber, J.R.  |e (autor) 
245 1 0 |a Elasticity /  |c J.R. Barber. 
250 |a 4a edición 
264 4 |a Cham, Suiza :  |b Springer,  |c 2022, c2022 
264 2 |a Cham, Suiza :  |b Springer Link [distribución],  |c 2026, c2026 
300 |a 1 libro electrónico en línea (XX, 637 p.) 
300 |a 1 recurso en línea 
336 |a datos para computadora  |b cod  |2 rdacontenido 
337 |a computadora  |b c  |2 rdamedio 
338 |a recurso en línea  |b cr  |2 rdasoporte 
440 1 |a (Solid Mechanics and its Applications ;  |v 172) 
506 0 |a Licencias ilimitadas 
520 |a Contiene: Parte I) Consideraciones generales: 1) Introducción; 2) Equilibrio y compatibilidad; Parte II) Problemas bidimensionales: 3) Deformación plana y tensión plana; 4) Formulación de la función de tensión; 5) Problemas en coordenadas rectangulares; 6) Efectos finales; 7) Fuerzas del cuerpo; 8) Problemas con coordenadas polares; 9) Cálculo de los desplazamientos; 10) Problemas con vigas curvas; 11) Problemas de cuñas; 12) Problemas de contacto plano; 13) Fuerzas, dislocaciones y grietas; 14) Termoelasticidad; 15) Deformación antiplana; 16) Placas de grosor moderado; Parte III) Carga en el extremo de la barra prismática: 17) Torsión de una barra prismática; 18) Cizallamiento de una barra prismática; Parte IV) Formulación en variables complejas: 19) Resultados matemáticos preliminares; 20) Aplicación a problemas de elasticidad; Parte V) Problemas tridimensionales: 21) Soluciones de funciones de desplazamiento; 22) Los potenciales de Boussinesq; 23) Potenciales de desplazamiento termoelásticos; 24) Soluciones únicas; 25) Armónicos esféricos; 26) Cilindros y placas circulares; 27) Problemas en coordenadas esféricas; 28) Eigenstrains and Inclusions; 29) Torsión axisimétrica; 30) La barra prismática; 31) Contacto sin fricción; 32) El problema de valor límite; 33) La grieta con forma de moneda; 34) Contacto hertziano; 35) La grieta de la interfaz; 36) Elasticidad anisotrópica; 37) Métodos variacionales; 38) El teorema de reciprocidad. 
521 |a 2025 BO Licenciatura en Ingeniería en Nanotecnología 
649 |a XX 
650 |a Elasticidad -  |x Teoría 
650 |a Deformación 
650 |a Plasticidad 
650 |a Estática 
650 |a Mecánica 
650 |a Física 
856 4 0 |u https://link-springer-com.ezproxy.iteso.mx/10.1007/978-3-031-15214-6  |y Ver documento en línea 
910 |a Fondo General 
920 |a Electrónicos - Libros en Línea 
930 |a Plataforma Digital 
905 |a 205 
902 |a https://opac.biblio.iteso.mx/vufind/Record/000631225